000 01209nam a2200325 a 4500
001 000113350
003 CHAP
005 20220329144350.0
008 170609s2016 mx a fsm |||||||spa d
010 _a109811
011 _a110783
040 _cCHAP
090 _aTesis
100 1 _aSantos Rojas, Angel Moises
_9132546
245 1 0 _aVariabilidad genética de la germinación y crecimiento de plántulas en poblaciones de maíz amarillo (Zea mays L.) para los Valles Altos de México /
_h[En línea]
_cpor Angel Moises Santos Rojas.
260 _aChapingo, Méx. :
_bEl autor,
_c2016.
500 _aPara ver el contenido del material haga clic en la liga
502 _aTesis (Ing. Agr. Esp. en Fitotecnia) -- UACH. Departamento de Fitotecnia
590 _aE11695DGD
_b10
_c20170611
_lUCH01
_h1429
590 _aE8697GMM
_b05
_c20170609
_lUCH01
_h1356
590 _aE8697GMM
_b05
_c20170609
_lUCH01
_h1416
650 1 4 _aMaíz
_xCalidad.
_970894
650 1 4 _aMaíz
_xGenética.
_970963
650 1 4 _aMaíz
_xGerminación.
_970965
650 1 4 _aMaíz
_xMejoramiento.
_971006
856 _aFinding aid
_uhttp://10.13.5.2/tesis/sist113350.pdf
_zTeclea aquí
901 _aBK
942 _cTESIS
942 _n0
999 _c109811
_d109811